000 00888cab a2200193 4500
001 ##L133404
008 060505n2005 000 0 eng u
035 _a(Sirsi) u133404
041 0 _aeng
100 1 _aHeighton, Mark
245 0 0 _aPlanning gain supplement - the new consultation
260 _c2005
490 0 _aRICS Website News
_v16 December 2005
520 _aFollowing the publication of the government consultation paper relating to the Planning Gain Supplement (PGS) (L132415) this article outlines the main features of PGS and highlights some of the issues that the industry ought to consider.
650 2 4 _aPLANNING GAIN SUPPLEMENT
690 _aENVIRONMENTAL AND LAND CONSULTANCY-PLANNING AND DEVELOPMENT-PLANNING REFORM
856 4 0 _uhttps://www.rics.org/RICSWEB/getpage.aspx?p=Pi-Nf-tnEUyoK8ZpHlRXhw
_zView the item free of charge at www.rics.org...
942 _n0
999 _c76984
_d76984